000 00910nmc a2200313 a 4500
003 AR-BaBNM
005 20251128211612.0
008 174120s2003 ||||||||||||||000 | spa||
020 _a84-7432-994-9
040 _cAR-BaBNM
100 1 _aGarcía Molina, José
245 1 0 _aDar (la) palabra
_bdeseo, don y ética en educación social
250 _a1ª ed.
260 _aBarcelona
_bGedisa
_c2003
300 0 _a189 p.
490 0 _aBiblioteca de educación. Pedagogía social y trabajo social
_vv. 3
504 _aContiene referencias bibliográficas p. 177-187
650 4 _aTEORIAS DE LA EDUCACION
650 4 _aACCION SOCIAL
650 4 _aFILOSOFIA DE LA EDUCACION
650 4 _aETICA
650 4 _aINFANCIA
653 0 _aEDUCACION POPULAR
653 0 _aPEDAGOGIA SOCIAL
700 1 _aNúñez, Violeta
_eprologuista
740 0 _aDar la palabra
942 _cBK
998 _cme-solo cat
999 _c20383
_d20383